Responses for Show #4006 - Monday, January 21, 2002

Contestants

[<< previous game]

Roger Werries, a computer forensics instructor from Bowie, Maryland

Lisa Dixon, a claim representative from Peachtree City, Georgia

Danielle Yermish, an elementary school teacher from Los Angeles, California (whose 1-day cash winnings total $3,400)

[next game >>]

Jeopardy! Round responses

ORGANIZATIONS
FILMS OF THE '80s
(Alex: We want you to name the river in...)
A RIVER RUNS THROUGH THEM
"MARK"DOWN
(Alex: "Mark" in quotation... marks.)
1699
PLUS TAX
(Alex: Of course.)
    $200 2
AAA

Lisa
    $200 7
La Bamba

Lisa
    $200 1
the Potomac

Roger
    $200 12
Hallmark

Danielle
    $200 17
Williamsburg

Danielle
    $200 26
e-commerce

Roger
    $400 3
the American Bar Association

Lisa
    $400 8
[NOTE: Alex reads the clue in some kind of Jimmy Cagney gangster accent. Your mother knows how to do Sean Connery, Trebek.]

The Untouchables

Lisa
    $400 22
the St. Lawrence

Roger
    $400 13
a black mark

Roger
    $400 18
Lake Pontchartrain

Roger
    $400 27
(Lisa: What is sales tax?)

property tax

LisaRoger
    $600 4
Red Cross

Lisa
    $600 9
Raising Arizona

Roger
    $600 23
the Mekong River

Triple Stumper
    $600 14
Mark Antony

Lisa
    $600 19
Denmark

Danielle
    $600 29
(Roger: What's a knight tax?)
...
(Alex: You're close. It's a [*]. I dub thee "sir".)

surtax

Roger
Triple Stumper
    $400 5
(Lisa: What is Greenpeace?)

the Sierra Club

Lisa
    $800 10
The Witches of Eastwick

Roger
    $800 24
the Tennessee River

Lisa
    $800 15
the mark of Cain

Triple Stumper
    $800 20
(Roger: What is inertia?)

friction

Roger
Triple Stumper
    $800 30
(Alex: And that would be a [*]. An obligation is a [*].)

duty

Triple Stumper
    $1000 6
John Birch Society

Lisa
    $1000 11
Witness

Roger
    $1000 25
(Alex: With a minute to go now, Lisa.)

the Indus River

Triple Stumper
    $1000 16
mark time

Roger
    $1000 21
(Lisa: What is Caesarian calendar? Or just Caesar?)
(Roger: What is the Gregorian calendar?)

the Julian calendar

LisaRoger
Triple Stumper
    $1000 28
(Lisa: What is ad valorem?)

regressive taxes

Lisa
Triple Stumper

Scores at the first commercial break (after clue 15):

Danielle Lisa Roger
$200 $3,000 $3,000

Scores at the end of the Jeopardy! Round:

Danielle Lisa Roger
$1,000 $1,400 $3,000

Double Jeopardy! Round responses

A GOOD "ST"ART
THERE'S NO PLACE LIKE ROME
INTERNATIONAL SPORTS
SCIENCE CLASS
AMERICAN LIT
HYMNS
    $400 16
stage fright

Danielle
    $400 21
the Colosseum

Danielle
    $400 2
Wayne Gretzky

Danielle
    $400 1
a dodo

Roger
    $400 26
The Miracle Worker

Lisa
    $400 5
"Battle Hymn Of The Republic"

Roger
    $800 17
(Lisa: What are shackles?)

stocks

LisaRoger
    $800 22
Julius Caesar

Triple Stumper
    $800 3
downhill

Roger
    $800 4
day & night ("Daylight and darkness, or nighttime" accepted)

Roger
    $800 27
Babbitt

Lisa
    $800 6
(Lisa: What is his blood?)
(Alex: Be more specific.)
(Lisa: What is Jesus' blood?)
(Alex: No.)
(Roger: What is the blood of Jesus?)
(Alex: No.)
...
(Alex: What is [*]? "Are you washed in [*]?")

the blood of the lamb

LisaRoger
Triple Stumper
    $1200 18
(Lisa: What is a stash box?)

a strongbox

Lisa
Triple Stumper
    $1200 23
(Lisa: Who is Keats?)

Byron

DanielleLisa
    $1200 10
the Americans & the Europeans

Roger
    $1200 13
a sphere

Roger
    $1200 7
Stand up, stand up

Roger
    $1600 19
stone washing

Roger
    $1600 24
(Roger: What is Easter?)
[Originally ruled incorrect; reversed before Final Jeopardy!]

Christmas

LisaRoger
    $1600 11
China

Danielle
    $1600 14
(Danielle: What is plutonium?)
(Roger: What is mercury?)

Uranium

DanielleLisaRoger
    $1600 8
ages past

Triple Stumper
    $1,430 20
(Roger: I will risk $1,430.)
(Alex: There must be a significance to that. What is it?)
(Roger: There is. Something between me and my wife.)
[Laughter]
(Alex: There are no secrets on Jeopardy!)
...
(Roger: [Shakes head]
(Alex: Correct response, "What is [*]?" [*] fluoride. Minute to go, and the secret between you and your wife remains safe for the time being.)

stannous

Roger
    $2000 25
Escoffier

Triple Stumper
    $2000 12
(Lisa: Who is [*]?)
(Alex: I'll tell you who she is. She's a pretty good
tennis player. Go again.)

Jennifer Capriati

Lisa
    $2000 15
the British Royal Society

Triple Stumper
    $2000 9
Precious Lord

Triple Stumper

Scores at the end of the Double Jeopardy! Round:

Danielle Lisa Roger
$3,400 $3,800 $9,170
(lock game)

[wagering suggestions for these scores]

Final Jeopardy! Round responses

PEOPLE ON THE MAP
(Alex: [Before reading the clue] Yes, we checked with the Vatican, and they informed us that the Pope does give an "Urbi et Orbi" speech at Easter as well. And so we have credited Roger with the amount of money we took away from him and credited him with a correct response.)
...
(Alex: [To Roger] I bet you risked $1,430. I was right! Hey! And you wind up with $7,740, and you get to come back. Perhaps we will find out his secret tomorrow!)
DanielleWho is Kyoto?
$3,000
LisaWho is ?
$0
RogerWho is Marco Polo
$1,430
Ho Chi Minh

Final scores:

Danielle Lisa Roger
$400 $3,800 $7,740
3rd place: 2 to Santa Cruz, California 2nd place: trip for 2 to St. Lucia New champion: $7,740

Game dynamics:

Coryat scores:

Danielle Lisa Roger
$3,400 $4,200 $10,600
8 R,
1 W
13 R,
8 W
(including 1 DD)
20 R,
6 W
(including 1 DD)

Combined Coryat: $18,200

[game clues] [game scores] [suggest correction]

Game tape date: 2001-11-06
The J! Archive is created by fans, for fans. Scraping, republication, monetization, and malicious use prohibited; this site may use cookies and collect identifying information. See terms. The Jeopardy! game show and all elements thereof, including but not limited to copyright and trademark thereto, are the property of Jeopardy Productions, Inc. and are protected under law. This website is not affiliated with, sponsored by, or operated by Jeopardy Productions, Inc. Join the discussion at JBoard.tv.